00362pab a2200145 454500008004000000100001400040245006900054260000900123300001300132362000800145650000800153650001900161650002000180773001600200180718b2004 xxu||||| |||| 00| 0 eng d aMian, Zia aAt war with the world: nuclear weapons, development and security c2004 ap.50-57. aMar aWar aState security aNuclear weapons aDevelopment